Néron : Le pouvoir et la scène (notice n° 2152695)
[ vue normale ]
| 000 -LEADER | |
|---|---|
| fixed length control field | 01513cam a2200133 4500500 |
| 005 - DATE AND TIME OF LATEST TRANSACTION | |
| control field | 20260405032148.0 |
| 041 ## - LANGUAGE CODE | |
| Language code of text/sound track or separate title | fre |
| 042 ## - AUTHENTICATION CODE | |
| Authentication code | dc |
| 100 10 - MAIN ENTRY--PERSONAL NAME | |
| Personal name | Cosme, Pierre |
| Relator term | author |
| 245 00 - TITLE STATEMENT | |
| Title | Néron : Le pouvoir et la scène |
| 260 ## - PUBLICATION, DISTRIBUTION, ETC. | |
| Name of publisher, distributor, etc. | Armand Colin,<br/> |
| Date of publication, distribution, etc. | 2022.<br/> |
| 520 ## - SUMMARY, ETC. | |
| Summary, etc. | Mal aimé, Néron (37-68 a.C.) est un des empereurs qui symbolise le plus un pouvoir tyrannique et la folie sanguinaire. Dans ce portrait nuancé, l’auteur remonte aux origines de l’avènement de celui qui est proclamé empereur à 17 ans après la mort de son père adoptif Claude. L’ouvrage interroge la place de Néron dans l’histoire de la dynastie julio-claudienne. Premier empereur à n’avoir pas connu Auguste, il s’y référa régulièrement, même si son exercice du pouvoir s’écarta du modèle légué par son ancêtre.Néron fut aussi un homme de son temps, partageant les goûts et les loisirs des aristocrates de sa génération. Mais, fuyant certaines réalités de la politique, accablé par les difficultés qui s’accumulèrent à partir de l’incendie de Rome en 64, il se donna la mort à 30 ans.L’ouvrage nous invite à découvrir une Rome pleine de complots, de trahisons, de luttes acharnées pour le pouvoir qui pousseront le jeune empereur à faire éliminer parents, amis et jusqu’à sa mère, Agrippine. Pierre Cosme est professeur d’Histoire ancienne à l’Université de Rouen. |
| 856 41 - ELECTRONIC LOCATION AND ACCESS | |
| Uniform Resource Identifier | <a href="https://shs.cairn.info/neron--9782200630904?lang=fr&redirect-ssocas=7080">https://shs.cairn.info/neron--9782200630904?lang=fr&redirect-ssocas=7080</a> |
Pas d'exemplaire disponible.




Réseaux sociaux